00442nam a2200121Ia 4500082001200000100002600012245013700038260003800175300002100213650003100234650003300265710002200298 aTL.0059 aLhungdim, Hemkhothang 0aDistribution and territoriality of ethnic dialects and patterns of inter-ethnic communication in Manipur : A development perspective c1995bJawaharlal Nehru University a292p. + C D - 40 aETHNIC RELATIONS - MANIPUR aMANIPURI LANGUAGE - DIALECTS aAhmad, Aijazuddin